Current Top 10 prem players - Statistics

General Stats
  • This quiz has been taken 15 times
  • The average score is 6 of 10
Answer Stats
Club Rank Player % Correct
Manchester City 2 Erling Haaland
93%
Liverpool 4 Mo Salah
87%
Liverpool 7 Alexander Isak
67%
Manchester United 9 Bruno Fernandes
67%
Chelsea 8 Cole Palmer
67%
Manchester City 6 Rodri
60%
Arsenal 3 Victor Gyokeres
60%
Liverpool 1 Florian Wirtz
47%
Newcastle United 10 Anthony Gordon
33%
Manchester City 5 Tijjani Reijnders
27%
No matching quizzes found
Score Distribution
Percent of People with Each Score
Percentile by Number Answered
Your Score History
You have not taken this quiz